| 000 | 01318ngm a22003257i 4500 | ||
|---|---|---|---|
| 001 | IT\ICCU\CAG\1062043 | ||
| 003 | ItRI | ||
| 005 | 20260317160129.0 | ||
| 008 | 060112s2005 it |||||||||||||||k|||||c | ||
| 028 | 4 | 2 | _aDVSZ838968 |
| 028 | 4 | 2 | _aZ838968 |
| 040 |
_bita _cArcigay Genova |
||
| 041 | 7 |
_aita _aeng _2ISO-639-2 |
|
| 130 | 0 | _aCriminal <film ; 2004> | |
| 245 | 0 | 0 |
_aCriminal : _bquando pensi di aver capito tutto, ci sei cascato / _cdirected by Gregory Jacobs ; screenplay by Gregory Jacobs and Sam Lowry. |
| 260 |
_a[Milano] : _bWarner Bros. Entertainment, _cc2005 |
||
| 300 |
_a1 DVD (circa 84 min) : _bcolor., sonoro |
||
| 500 | _aCaratteristiche video: area 2; PAL; formato video adatto a ogni tipo di tv anamorfico 16:9 1.85:1; audio Dolby digital 5.1 | ||
| 500 | _aTit. del contenitore | ||
| 500 | _aFilm del 2004, produzione USA | ||
| 500 | _aRemake del film: Nove regine (F. Bielinsky, 2000) | ||
| 500 | _aInterpreti: John C. Reilly, Diego Luna, Maggie Gyllenhaal | ||
| 500 | _aLingue e sottotitoli anche per non udenti: italiano, inglese. | ||
| 700 | 1 |
_aJacobs, Gregory _0IT\ICCU\CAGV\413810 _4drt |
|
| 700 | 1 |
_aReilly, John C., _d (1965- ) _0IT\ICCU\RAVV\298915 |
|
| 700 | 1 |
_aLuna, Diego _0IT\ICCU\UBOV\678144 |
|
| 942 |
_2ddc _cVM _n0 |
||
| 981 | 1 |
_6z01 _ab _bxa2e |
|
| 982 | 1 |
_6z01 _ag |
|
| 999 |
_c28920 _d28920 |
||